[Event "AUTO-OPEN-368"]
[Site "http://www.queenalice.com/game.php?id=99418"]
[Date "2006.8.25"]
[Round "1"]
[White "juliux"]
[Black "Antrone"]
[Result "1-0"]
[WhiteElo "1848"]
[BlackElo "1311"]

1. e4 g6 2. d4 b6 3. Nf3 Bg7 4. Nc3 Bb7 5. Bc4 Na6 6. Ng5 Nf6 7. Nxf7 Nb4 8.
Nxd8 Kxd8 9. a3 Nc6 10. Be3 a6 11. O-O Na5 12. Bd3 Ng4 13. Qxg4 Rf8 14. f4 h5
15. Qxg6 Rg8 16. Qxh5 c5 17. dxc5 bxc5 18. Bxc5 Nc4 19. Bxc4 Bd4+ 20. Bxd4 Rf8
21. Bb6+ Kc8 22. Bd5 e6 23. Bxb7+ Kxb7 24. Na4 Rxf4 25. Rxf4 e5 26. Qxe5 d6 27.
Qxd6 Rc8 28. Rf7+ Ka8 29. Ra7# 1-0

[Event "AUTO-OPEN-368"]
[Site "http://www.queenalice.com/game.php?id=99419"]
[Date "2006.8.25"]
[Round "1"]
[White "Antrone"]
[Black "juliux"]
[Result "0-1"]
[WhiteElo "1571"]
[BlackElo "1753"]

1. b3 e5 2. g3 d5 3. Bb2 Nc6 4. Bg2 Nf6 5. Nf3 Bd6 6. Nc3 Be6 7. Nb5 a6 8. Nxd6+
Qxd6 9. Ng5 O-O 10. c4 dxc4 11. bxc4 Bxc4 12. Qc2 Rad8 13. Bc3 h6 14. Qb2 hxg5
15. Qxb7 Nd4 16. e3 Nc2+ 17. Kd1 Nxa1 18. Bxa1 Qxd2# 0-1

[Event "Challenge"]
[Site "http://www.queenalice.com/game.php?id=107307"]
[Date "2006.9.18"]
[Round "-"]
[White "Samuel"]
[Black "Antrone"]
[Result "0-1"]
[WhiteElo "1266"]
[BlackElo "1296"]

1. h4 b6 2. d4 Bb7 3. e4 g6 4. Bd2 Nc6 5. Be2 Bg7 6. d5 Nd4 7. Bc3 c5 8. g4 e6
9. Bd3 e5 10. Na3 Ne7 11. Ne2 Nf3+ 0-1

[Event "AUTO-OPEN-392"]
[Site "http://www.queenalice.com/game.php?id=107551"]
[Date "2006.9.19"]
[Round "1"]
[White "Antrone"]
[Black "xavimg"]
[Result "0-1"]
[WhiteElo "1390"]
[BlackElo "1499"]

1. b3 e5 2. g3 Nc6 3. Na3 d5 4. Nb5 Nf6 5. Bh3 g6 6. d3 Bg7 7. Nf3 Bxh3 8. Bd2
O-O 9. Ng5 Bg4 10. a4 Nd4 11. Ra3 Nxe2 12. Qxe2 Bxe2 13. Kxe2 e4 14. Bb4 Re8 15.
Ba5 exd3+ 16. Kxd3 Ng4 17. Bxc7 Qxg5 18. f4 Qe7 19. Bd6 Qe3# 0-1

[Event "AUTO-OPEN-392"]
[Site "http://www.queenalice.com/game.php?id=107555"]
[Date "2006.9.19"]
[Round "1"]
[White "Antrone"]
[Black "diegmr"]
[Result "0-1"]
[WhiteElo "1285"]
[BlackElo "1805"]

1. b3 e5 2. g3 d5 3. Na3 Nc6 4. Nf3 Bg4 5. h3 Bxf3 6. exf3 Nf6 7. f4 exf4 8.
gxf4 Bd6 9. Qe2+ Ne7 10. Qb5+ c6 11. Qxb7 O-O 12. c4 Bxf4 0-1

[Event "AUTO-OPEN-392"]
[Site "http://www.queenalice.com/game.php?id=107556"]
[Date "2006.9.19"]
[Round "1"]
[White "diegmr"]
[Black "Antrone"]
[Result "1-0"]
[WhiteElo "1803"]
[BlackElo "1285"]

1. d4 g6 2. e4 b6 3. Nc3 Na6 4. Nf3 Nh6 5. Bc4 f6 6. O-O Nb4 7. a3 Nc6 8. Be3 a6
9. d5 Na5 10. Ba2 Ng4 11. h3 Ne5 12. Nd2 b5 13. Nb3 1-0

[Event "Let's Play Chess!"]
[Site "http://www.queenalice.com/game.php?id=112607"]
[Date "2006.10.3"]
[Round "-"]
[White "Nostradamus"]
[Black "Antrone"]
[Result "1-0"]
[WhiteElo "1868"]
[BlackElo "1326"]

1. d4 g6 2. c4 b6 3. e4 Bb7 4. f3 Na6 5. Nc3 Nf6 6. a3 Nh5 7. g4 Nf6 8. Bd3 d5
9. cxd5 Nd7 10. Nge2 Nf6 11. Bb5+ c6 12. dxc6 Nc7 13. cxb7+ Nxb5 14. bxa8=Q Qxa8
15. Nxb5 e6 16. Nc7+ Kd7 17. Nxa8 Bg7 18. Qa4+ Kc8 19. Qc6+ Kb8 20. Bf4+ e5 21.
Bxe5# 1-0

[Event "Let's Play Chess!"]
[Site "http://www.queenalice.com/game.php?id=112608"]
[Date "2006.10.3"]
[Round "-"]
[White "Nostradamus"]
[Black "Antrone"]
[Result "1-0"]
[WhiteElo "1870"]
[BlackElo "1326"]

1. d4 b6 2. c4 g6 3. e4 Bg7 4. f3 Na6 5. Nc3 Nb4 6. a3 Nc6 7. e5 Nh6 8. f4 Nf5
9. Nf3 Bb7 10. d5 Nxe5 11. fxe5 e6 12. Be2 exd5 13. Nxd5 c6 14. Nc3 a6 15. O-O
b5 16. Bg5 Qb6+ 17. Kh1 f6 18. exf6 Ne3 19. fxg7 Nxd1 20. gxh8=Q+ Kf7 21. Qxh7+
Ke6 22. Raxd1 Qc5 23. Qxg6# 1-0

[Event "Let's Play Chess!"]
[Site "http://www.queenalice.com/game.php?id=112629"]
[Date "2006.10.3"]
[Round "-"]
[White "hugo10"]
[Black "Antrone"]
[Result "1-0"]
[WhiteElo "1398"]
[BlackElo "1361"]

1. e4 g6 2. Qf3 b6 3. Bc4 Nf6 4. Nc3 Nc6 5. Nd5 Ne5 6. Qf4 Nxd5 7. Qxe5 Nf6 8.
Bd5 d6 9. Qf4 Nxd5 10. exd5 Bb7 11. Qd4 e5 12. Qe3 1-0

[Event "Challenge"]
[Site "http://www.queenalice.com/game.php?id=112632"]
[Date "2006.10.3"]
[Round "-"]
[White "rxk"]
[Black "Antrone"]
[Result "1-0"]
[WhiteElo "1456"]
[BlackElo "1296"]

1. d4 g6 2. e3 b6 3. c4 Nh6 4. e4 Nc6 5. Nf3 Ng4 6. h3 Nf6 7. Nc3 e5 8. dxe5 Nh5
9. a3 Ng7 10. Bd3 Ne6 11. Be3 Bb7 12. O-O Be7 13. b4 a5 14. b5 Nc5 15. bxc6 dxc6
16. Bxc5 bxc5 17. Bc2 Ba6 18. Qe2 Rb8 19. Nh2 Qd4 20. Nf3 Qxc3 21. Bd3 Rd8 22.
Rfd1 f5 23. exf5 gxf5 24. e6 Bf6 25. Rac1 Ke7 26. Rxc3 Bxc3 27. Bxf5 Rd7 28.
exd7+ Kf6 29. Qe6+ Kg7 30. d8=Q Rxd8 31. Rxd8 Bb2 32. Rd7+ Kf8 33. Qf7# 1-0

[Event "AUTO-INT-216"]
[Site "http://www.queenalice.com/game.php?id=119618"]
[Date "2006.10.21"]
[Round "1"]
[White "J_Ricardo"]
[Black "Antrone"]
[Result "1-0"]
[WhiteElo "1528"]
[BlackElo "1315"]

1. e4 b6 2. Bc4 Nf6 3. d3 Nc6 4. Bg5 Na5 5. b3 e6 6. Nf3 Bb4+ 7. c3 Ba3 8. Nxa3
c6 9. b4 Nxc4 10. Nxc4 b5 11. Nd6+ Ke7 12. Nxc8+ Rxc8 13. O-O Kf8 14. Ne5 d6 15.
Bxf6 gxf6 16. Ng4 Ke7 17. Qf3 Rg8 18. Qxf6+ Ke8 19. Qxd8+ Kxd8 20. Nf6 Rg6 21.
Nxh7 Kd7 22. Rab1 Rcg8 23. g3 f5 24. exf5 exf5 25. Rfe1 f4 26. Re2 fxg3 27. hxg3
R8g7 28. Nf8+ Kd8 29. Nxg6 Rxg6 30. Rbe1 Kc7 31. Re7+ Kb6 32. Rd7 d5 33. Ree7
Rg4 34. Rb7+ Ka6 35. Rxa7+ 1-0

[Event "AUTO-INT-216"]
[Site "http://www.queenalice.com/game.php?id=119619"]
[Date "2006.10.21"]
[Round "1"]
[White "Antrone"]
[Black "J_Ricardo"]
[Result "0-1"]
[WhiteElo "1306"]
[BlackElo "1535"]

1. b3 e5 2. g3 d6 3. Nh3 b6 4. Bg2 d5 5. c4 Bb7 6. cxd5 Bxd5 7. Kf1 Nf6 8. Ng5
Bxg2+ 9. Kxg2 Qd4 10. Nc3 Bc5 11. Nge4 Nxe4 12. e3 Qd3 13. Nxe4 Qxe4+ 14. f3 Qg6
15. f4 exf4 16. exf4 Qf6 17. d4 Bxd4 18. Rb1 Nc6 19. Re1+ Be5 20. Qd2 O-O 21.
fxe5 Nxe5 22. Qd5 Rfe8 23. Ba3 Rad8 24. Qe4 Rd2+ 25. Re2 Rxe2+ 26. Qxe2 c5 27.
b4 c4 28. g4 h6 29. h4 Qxh4 30. Rh1 Qg5 31. Rh5 Qf4 32. Bb2 Qxg4+ 33. Qxg4 Nxg4
34. Rh4 Re2+ 0-1

[Event "AUTO-INT-216"]
[Site "http://www.queenalice.com/game.php?id=119634"]
[Date "2006.10.21"]
[Round "1"]
[White "Antrone"]
[Black "xandudz"]
[Result "0-1"]
[WhiteElo "1291"]
[BlackElo "1548"]

1. b3 d5 2. g3 e5 3. Nh3 Bg4 4. Bb2 d4 5. f3 Qd5 6. Nf4 exf4 7. Bg2 Bb4 8. fxg4
Qxg2 9. Rf1 Qxh2 10. Bxd4 Qxg3+ 11. Bf2 Qxg4 12. Bd4 Nf6 13. c3 Bd6 14. e4 Qh4+
15. Ke2 O-O 16. e5 Qg4+ 17. Ke1 Bxe5 18. Bxe5 Re8 19. Rxf4 Rxe5+ 20. Qe2 Rxe2+
21. Kd1 Re4+ 22. Rxg4 Rxg4 23. Na3 Nc6 24. Kc2 Re8 25. Nc4 b5 0-1

[Event "AUTO-INT-216"]
[Site "http://www.queenalice.com/game.php?id=119635"]
[Date "2006.10.21"]
[Round "1"]
[White "xandudz"]
[Black "Antrone"]
[Result "1-0"]
[WhiteElo "1542"]
[BlackElo "1298"]

1. Nf3 b6 2. d4 g6 3. e4 Bg7 4. e5 Bb7 5. Bg5 e6 6. Bxd8 Kxd8 7. Bb5 c6 8. Bd3
c5 9. dxc5 f6 10. exf6 Nxf6 11. O-O Nd5 12. c4 Bxb2 13. cxd5 bxc5 14. dxe6 dxe6
15. Bxg6+ Nd7 16. Ne5 Bc8 17. Nf7+ Ke7 18. Nxh8 Bxh8 19. Re1 Bb7 20. Bxh7 Bxa1
21. Bf5 Rg8 22. Rxe6+ Kd8 23. Rd6 Bc8 24. Bxd7 Bxd7 25. Rxd7+ 1-0